The Contract Act, 1872 / (Record no. 586026)
[ view plain ]
| 000 -LEADER | |
|---|---|
| fixed length control field | 00349nam a22001217a 4500 |
| 082 ## - DEWEY DECIMAL CLASSIFICATION NUMBER | |
| Classification number | 346.02095491 MAH |
| 100 ## - MAIN ENTRY--PERSONAL NAME | |
| Personal name | Mahmood, M. |
| 245 ## - TITLE STATEMENT | |
| Title | The Contract Act, 1872 / |
| Statement of responsibility, etc. | M. Mahmood |
| 260 ## - PUBLICATION, DISTRIBUTION, ETC. | |
| Place of publication, distribution, etc. | Lahore : |
| Name of publisher, distributor, etc. | Al-Qanoon Publishers, |
| Date of publication, distribution, etc. | 2008-2020. |
| 300 ## - PHYSICAL DESCRIPTION | |
| Extent | 1756 p. ; |
| Dimensions | 24 cm. |
| 942 ## - ADDED ENTRY ELEMENTS (KOHA) | |
| Source of classification or shelving scheme | |
| Koha item type | Book |
| Withdrawn status | Lost status | Source of classification or shelving scheme | Damaged status | Not for loan | Permanent Location | Current Location | Shelving location | Date acquired | Total Checkouts | Total Renewals | Full call number | Barcode | Checked out | Date last seen | Date last checked out | Price effective from | Koha item type | Source of acquisition |
|---|---|---|---|---|---|---|---|---|---|---|---|---|---|---|---|---|---|---|
| NUST Law School (NLS) | NUST Law School (NLS) | Law | 07/26/2021 | 2 | 4 | 346.02095491 MAH | CL-597 | 10/23/2025 | 09/23/2025 | 09/23/2025 | 07/26/2021 | Book | ||||||
| NUST Law School (NLS) | NUST Law School (NLS) | Law | 11/20/2022 | 1 | 346.02095491 MAH | CL-1340 | 02/11/2024 | 02/08/2023 | 11/20/2022 | Book | Pakistan Law House |
